00842nam a2200325 a 4500003000900000005001700009008004100026020001900067040001300086100001800099245001900117250001200136260003200148300002500180500007000205600002300275600001800298600002000316600002100336650001500357650002300372650002000395650001500415650001500430651001900445651000900464651001400473653001400487655001500501AR-BaBNM20251128205427.0082120s2002 ||||||||||||||000 | spa|| a950-742-7120-0 cAR-BaBNM1 aGambini, Hugo00aEl Che Guevara a5ª ed. aBuenos AiresbPlanetac1997 a350 p.bil., láms. aAl final de cada capítulo se encuentran las notas de referencia14aBatista, Fulgencio14aCastro, Fidel14aMartí, José14aFrondizi, Arturo 4aBIOGRAFIAS 4aCIENCIAS POLITICAS 4aHISTORIA SOCIAL 4aREVOLUCION 4aSOCIALISMO 4aEstados Unidos 4aCuba 4aArgentina aGUERRILLA aBIOGRAFIAS